| 000 | 00725cam a22002413a 4500 | ||
|---|---|---|---|
| 001 | 6920 | ||
| 003 | PGUSA | ||
| 005 | 20140828083138.0 | ||
| 008 | 041101s2004||||xxu|||||s|||||000 | eng d | ||
| 040 |
_aPGUSA _beng |
||
| 042 | _adc | ||
| 050 | 4 | _aB | |
| 100 | 1 |
_aMarcus Aurelius, Emperor of Rome, _d121-180 |
|
| 245 | 1 | 0 |
_aThoughts of Marcus Aurelius _h[electronic resource] / _cEmperor of Rome Marcus Aurelius |
| 260 |
_bProject Gutenberg, _c2004 |
||
| 506 | _aPublic domain in the USA. | ||
| 516 | _aElectronic text | ||
| 653 | _aMarcus Aurelius, Emperor of Rome, 121-180 | ||
| 700 | 1 |
_aLong, George, _d1800-1879 |
|
| 830 | 0 |
_aProject Gutenberg _v6920 |
|
| 856 | 4 | 0 | _uhttp://www.gutenberg.org/ebooks/6920 |
| 942 | _cEB | ||
| 999 |
_c236240 _d236240 |
||